[Event "Sparkassen-Open J"]
[Site "Heusenstamm, Martinsee"]
[Date "2023.11.25"]
[Round "3.22"]
[White "Glavev, Victor"]
[Black "Schmidt, Merle Laureen"]
[Result "0-1"]
[WhiteElo "1139"]
[BlackElo "936"]
[PlyCount "120"]
[EventDate "2023.??.??"]
[WhiteTeam "SK Bad Homburg 1927"]
[BlackTeam "Sport Union Annen e. V."]

1. e4 c5 2. Nf3 d6 3. Bc4 Nc6 4. Nc3 Nf6 5. d3 g6 6. Ng5 Ne5 7. Bb3 e6 8. Ba4+ Bd7 9. Bxd7+ Qxd7 10. Bf4 Nc6 11. O-O Bg7 12. Nb5 e5 13. Be3 O-O 14. c3 a6 15. Na3 b5 16. c4 b4 17. Nc2 h6 18. Nf3 Rfb8 19. b3 a5 20. a4 bxa3 21. Rxa3 Nb4 22. Nxb4 axb4 23. Ra1 Ra3 24. Qc1 Rxb3 25. Rb1 Rxb1 26. Qxb1 b3 27. Rc1 Qa4 28. h3 Qa3 29. Rc3 Qa2 30. Qxa2 bxa2 31. Ra3 Rb1+ 32. Kh2 a1=Q 33. Rxa1 Rxa1 34. Nd2 Ra3 35. Kg3 Rxd3 36. Kf3 h5 37. Ke2 Ra3 38. Nb1 Ra2+ 39. Kd3 Kf8 40. Nc3 Ra8 41. Nb5 Ke7 42. f4 Ra2 43. g4 hxg4 44. hxg4 Nxg4 45. Nc3 Ra3 46. Kd2 Nxe3 47. Nb5 Nxc4+ 48. Kc2 Ra5 49. Nc7 Ne3+ 50. Kd2 exf4 51. Ke2 Kd7 52. Nd5 Nxd5 53. exd5 c4 54. Kd2 Rxd5+ 55. Kc2 f3 56. Kb1 Rd2 57. Kc1 Rh2 58. Kd1 f2 59. Kd2 f1=Q+ 60. Ke3 Re2# 0-1

[Event "Sparkassen-Open J"]
[Site "Heusenstamm, Martinsee"]
[Date "2023.11.25"]
[Round "3.23"]
[White "Gadela, Kundana"]
[Black "Vasudevan, Ananya"]
[Result "0-1"]
[WhiteElo "799"]
[BlackElo "1126"]
[PlyCount "56"]
[EventDate "2023.??.??"]
[WhiteTeam "SV 1920 Hofheim"]
[BlackTeam "SK Langen"]

1. e4 g6 2. Nf3 Bg7 3. d4 d6 4. Bc4 Bg4 5. Nbd2 Bxd4 6. h3 Bxf3 7. Qxf3 Nf6 8. Nb3 Nc6 9. c3 Be5 10. Bg5 e6 11. h4 Qe7 12. h5 O-O-O 13. hxg6 hxg6 14. O-O Bh2+ 15. Kh1 Bf4+ 16. Kg1 Bxg5 17. g3 Ne5 18. Qe2 Nxc4 19. Qxc4 d5 20. exd5 Nxd5 21. Qd4 Bh4 22. Qxa7 Nb6 23. Na5 Kd7 24. Rad1+ Ke8 25. Qxb7 Bxg3 26. Qc6+ Nd7 27. Qxc7 Qh4 28. Qxg3 Qh1# 0-1

[Event "Sparkassen-Open J"]
[Site "Heusenstamm, Martinsee"]
[Date "2023.11.25"]
[Round "3.24"]
[White "Zhang, Hengrui"]
[Black "Paul, Jenna"]
[Result "1-0"]
[WhiteElo "1113"]
[BlackElo "930"]
[PlyCount "105"]
[EventDate "2023.??.??"]
[WhiteTeam "Sfr.Mainz 1928"]
[BlackTeam "TV-Großostheim 1900 e.V."]

1. e4 e5 2. Nf3 Nc6 3. Bc4 Bc5 4. O-O Nf6 5. c3 O-O 6. d4 exd4 7. cxd4 Bb6 8. Bg5 h6 9. Bh4 Qe7 10. e5 Qb4 11. b3 Ne4 12. Re1 Nc3 13. Nxc3 Qxc3 14. Re4 Re8 15. Bg3 Ne7 16. Rf4 c6 17. Bxf7+ Kf8 18. Bg6+ Kg8 19. Bxe8 Nd5 20. Bf7+ Kh8 21. Bxd5 cxd5 22. Rf8+ Kh7 23. Qb1+ g6 24. Rf7+ Kh8 25. Rf8+ Kh7 26. Qc1 Bxd4 27. Qxc3 Bxc3 28. Rc1 d4 29. Nxd4 Bxd4 30. Rcxc8 Rxc8 31. Rxc8 b6 32. Rc7 Bc5 33. Rxd7+ Kh8 34. e6 a5 35. Bd6 Bxd6 36. Rxd6 Kg7 37. Rxb6 g5 38. a3 h5 39. b4 a4 40. b5 h4 41. Ra6 g4 42. b6 h3 43. b7 hxg2 44. Kxg2 Kf6 45. b8=Q g3 46. Qf8+ Ke5 47. Rxa4 gxh2 48. Kxh2 Kd5 49. Qf5+ Kd6 50. Ra6+ Kc7 51. Qf7+ Kb8 52. Qg7 Kc8 53. Ra8# 1-0

[Event "Sparkassen-Open J"]
[Site "Heusenstamm, Martinsee"]
[Date "2023.11.25"]
[Round "3.25"]
[White "Kesavan, Sarvesh"]
[Black "Nguyen, Minh Anh"]
[Result "1-0"]
[WhiteElo "1482"]
[BlackElo "919"]
[PlyCount "63"]
[EventDate "2023.??.??"]
[WhiteTeam "SK Bad Homburg 1927"]
[BlackTeam "SV 1920 Hofheim"]

1. e4 d6 2. d4 Nf6 3. Nc3 g6 4. Nf3 Bg7 5. Be3 O-O 6. h3 b6 7. Qd2 Bb7 8. Bd3 c5 9. d5 Nbd7 10. Bh6 Rc8 11. Bxg7 Kxg7 12. b3 a6 13. a4 a5 14. Nh2 Ne5 15. Be2 Ra8 16. f4 Ned7 17. Nf3 Ba6 18. Nb5 Bxb5 19. Bxb5 Nxe4 20. Qe3 Ng3 21. Rh2 Re8 22. Ng5 Nf5 23. Qc3+ Kg8 24. h4 h6 25. O-O-O Nd4 26. Rxd4 cxd4 27. Qxd4 e5 28. dxe6 fxe6 29. Qe4 hxg5 30. Qxg6+ Kf8 31. hxg5 Re7 32. Rh8# 1-0

[Event "Sparkassen-Open J"]
[Site "Heusenstamm, Martinsee"]
[Date "2023.11.25"]
[Round "3.26"]
[White "Kondhare, Aaryaman"]
[Black "Kostadinov, Emanuel"]
[Result "1/2-1/2"]
[WhiteElo "915"]
[BlackElo "1140"]
[PlyCount "130"]
[EventDate "2023.??.??"]
[WhiteTeam "Wiesbadener SV 1885"]
[BlackTeam "Sfr.1932 Kelkheim"]

1. e4 e5 2. Nf3 Nc6 3. c3 Nf6 4. d4 d6 5. d5 Ne7 6. Nbd2 c6 7. c4 Bg4 8. Be2 Qd7 9. h3 Bh5 10. O-O Bg6 11. Bd3 h6 12. Qe2 Nh5 13. Bc2 Nf4 14. Qe3 cxd5 15. cxd5 Nexd5 16. exd5 Bxc2 17. Nxe5 Nxh3+ 18. gxh3 dxe5 19. Qxe5+ Be7 20. Re1 Bf5 21. d6 Qe6 22. Qxe6 fxe6 23. dxe7 Kxe7 24. b3 Rad8 25. Ba3+ Ke8 26. Nf3 Bxh3 27. Rad1 Rxd1 28. Rxd1 Bg4 29. Rc1 Kd8 30. Ne5 Bh5 31. Kg2 g5 32. f3 Rh7 33. Rh1 Be8 34. Rd1+ Bd7 35. Rd2 h5 36. Rxd7+ Rxd7 37. Nxd7 Kxd7 38. Bc1 g4 39. fxg4 hxg4 40. Kg3 Kd6 41. Kxg4 Kd5 42. Kf3 a6 43. Bb2 e5 44. Ke3 b6 45. Bc3 a5 46. a4 Kc5 47. Ke4 Kc6 48. Kxe5 Kc5 49. Ke4 Kc6 50. Kd3 Kd5 51. Kc2 Kc5 52. Kb2 Kd5 53. Ka3 Kc5 54. b4+ axb4+ 55. Bxb4+ Kc6 56. Kb3 b5 57. a5 Kb7 58. Kc3 Kc7 59. Kd4 Kc6 60. Ke5 Kb7 61. Kd6 Ka7 62. Kc5 Ka6 63. Kc6 Ka7 64. Kxb5 Ka8 65. Kb6 Kb8 1/2-1/2

[Event "Sparkassen-Open J"]
[Site "Heusenstamm, Martinsee"]
[Date "2023.11.25"]
[Round "3.27"]
[White "Schmidt, Hannes Jakob"]
[Black "Vranckx, Gabriel"]
[Result "1-0"]
[WhiteElo "900"]
[BlackElo "910"]
[PlyCount "31"]
[EventDate "2023.??.??"]
[WhiteTeam "Sport Union Annen e. V."]
[BlackTeam "Sfr.Mainz 1928"]

1. e4 e5 2. Nc3 Nf6 3. f4 exf4 4. e5 Ng8 5. Nf3 Nc6 6. d4 d6 7. Bxf4 dxe5 8. Nxe5 Nxd4 9. Bc4 f6 10. Nf7 Be6 11. Nxd8 Rxd8 12. Bxe6 Nf3+ 13. Qxf3 Ne7 14. Qxb7 Ng6 15. Qxc7 Nxf4 16. Qf7# 1-0

[Event "Sparkassen-Open J"]
[Site "Heusenstamm, Martinsee"]
[Date "2023.11.25"]
[Round "3.29"]
[White "Zargaran, Paya"]
[Black "Xu, Dorothea Sicheng"]
[Result "1/2-1/2"]
[WhiteElo "793"]
[BlackElo "1051"]
[PlyCount "117"]
[EventDate "2023.??.??"]
[WhiteTeam "VSG 1880 Offenbach"]
[BlackTeam "SK Bad Homburg 1927"]

1. e4 e5 2. Nf3 Nc6 3. Nc3 Nf6 4. Bb5 Bb4 5. Bc4 Nxe4 6. Nxe4 d5 7. Bd3 dxe4 8. Bxe4 Qd6 9. O-O O-O 10. d3 Bg4 11. Be3 f5 12. Bxc6 bxc6 13. c3 Bc5 14. Bxc5 Qxc5 15. d4 Bxf3 16. dxc5 Bxd1 17. Rfxd1 Rad8 18. Rxd8 Rxd8 19. h3 Rd5 20. b4 Rd3 21. Re1 e4 22. c4 Rc3 23. Rd1 Rxc4 24. Rd8+ Kf7 25. Ra8 Rxb4 26. Rxa7 Ke6 27. Rxc7 Kd5 28. Rxg7 f4 29. Rxh7 e3 30. fxe3 fxe3 31. Kf1 Re4 32. Rh5+ Kc4 33. g3 e2+ 34. Ke1 Kd3 35. Rh6 Ke3 36. Rxc6 Rd4 37. Re6+ Kf3 38. Rxe2 Kxg3 39. c6 Kxh3 40. c7 Rc4 41. Re7 Kg4 42. Ke2 Kf5 43. a4 Kf6 44. Rh7 Ke6 45. a5 Kd6 46. Kd3 Rxc7 47. Rxc7 Kxc7 48. Kc4 Kc6 49. Kb4 Kb7 50. Kb5 Kb8 51. Kb6 Ka8 52. a6 Kb8 53. Ka5 Ka8 54. Kb6 Kb8 55. Kc6 Ka8 56. Kb5 Kb8 57. Kb4 Ka8 58. Ka5 Kb8 59. Kb6 1/2-1/2

[Event "Sparkassen-Open J"]
[Site "Heusenstamm, Martinsee"]
[Date "2023.11.25"]
[Round "3.31"]
[White "Schwab, Berenike"]
[Black "Selvaraj, Vibhaakar"]
[Result "1-0"]
[WhiteElo "859"]
[BlackElo "748"]
[PlyCount "109"]
[EventDate "2023.??.??"]
[WhiteTeam "SC Aschaffenburg e.V."]
[BlackTeam "VSG 1880 Offenbach"]

1. e4 e5 2. Nf3 Nc6 3. Bc4 Bc5 4. d3 Nge7 5. Nc3 Ng6 6. Bg5 Be7 7. Be3 O-O 8. Nd5 Bb4+ 9. c3 Be7 10. O-O Nh4 11. Rc1 Bd6 12. Ng5 Ne7 13. Qh5 h6 14. Qxh4 Ng6 15. Qg3 Be7 16. Nf3 Bh4 17. Nxh4 Nxh4 18. Bxh6 Ng6 19. Be3 Qh4 20. Bg5 Qh5 21. Ne7+ Nxe7 22. Bxe7 Re8 23. Bf6 Qh6 24. Bh4 Kh7 25. Bxf7 Rf8 26. Bd5 Rf4 27. Bg5 Qg6 28. Bxf4 exf4 29. Qxf4 d6 30. Qh4+ Qh6 31. Qe7 Bg4 32. g3 Qh5 33. Rfe1 Bh3 34. Re3 Re8 35. Qxc7 Rf8 36. Qxd6 Rf3 37. Ree1 Rxd3 38. Qf4 Rf3 39. Qd2 Rf6 40. e5 Re6 41. Qd3+ Bf5 42. Qd4 Bh3 43. Re4 Qf3 44. Rh4+ Rh6 45. Bxf3 Rxh4 46. Qxh4+ Kg8 47. Qxh3 b5 48. Rd1 Kf7 49. Qh5+ Ke6 50. Bd5+ Kd7 51. Qg6 Kc7 52. Qd6+ Kc8 53. Bc6 b4 54. Qd7+ Kb8 55. Qb7# 1-0

[Event "Sparkassen-Open J"]
[Site "Heusenstamm, Martinsee"]
[Date "2023.11.25"]
[Round "4.1"]
[White "Wolf, Helena"]
[Black "Müller, Konstantin"]
[Result "0-1"]
[WhiteElo "1188"]
[BlackElo "1614"]
[PlyCount "94"]
[EventDate "2023.??.??"]
[WhiteTeam "SK Bad Homburg 1927"]
[BlackTeam "SK Münster 32 e. V."]

1. e4 c5 2. Nf3 e6 3. d4 cxd4 4. Nxd4 Nf6 5. Nc3 Nc6 6. Nf3 d5 7. exd5 exd5 8. Be3 Bb4 9. a3 Ba5 10. Be2 Ne4 11. Qd3 Bf5 12. b4 Qf6 13. bxa5 Nxc3 14. Bd4 Nxd4 15. Qxd4 Qxd4 16. Nxd4 Be4 17. Bf3 Kd7 18. Kd2 Bxf3 19. Nxf3 Ne4+ 20. Ke3 Rhe8 21. Rhe1 Rac8 22. Rac1 Rc3+ 23. Kd4 Kd6 24. Nd2 Rxa3 25. Nxe4+ dxe4 26. Rxe4 Rxe4+ 27. Kxe4 Rxa5 28. Rd1+ Ke7 29. Rd4 Rc5 30. Kd3 a5 31. Ra4 Kd6 32. c4 b6 33. Kd4 Re5 34. Ra2 Re1 35. f4 Rd1+ 36. Kc3 Kc5 37. Rb2 Rc1+ 38. Kd3 Rxc4 39. g3 b5 40. Ra2 a4 41. Ra3 Kb4 42. Ra2 a3 43. Ra1 Rc3+ 44. Kd2 Kc4 45. Ra2 b4 46. Ra1 Rd3+ 47. Kc2 b3+ 0-1

[Event "Sparkassen-Open J"]
[Site "Heusenstamm, Martinsee"]
[Date "2023.11.25"]
[Round "4.2"]
[White "Nain, Medhansh"]
[Black "Hasenpflug, Till"]
[Result "0-1"]
[WhiteElo "1283"]
[BlackElo "1350"]
[PlyCount "112"]
[EventDate "2023.??.??"]
[WhiteTeam "SK Bickenbach"]
[BlackTeam "SK Bad Homburg 1927"]

1. e4 c5 2. Nf3 Nc6 3. c3 d5 4. e5 d4 5. Bb5 Bg4 6. h3 Bh5 7. cxd4 cxd4 8. d3 Qa5+ 9. Nbd2 Qxb5 10. Qc2 e6 11. O-O Bb4 12. g4 Bg6 13. Nc4 Nge7 14. a3 Bc5 15. b4 O-O 16. bxc5 Qxc5 17. Qe2 Nd5 18. Bd2 b5 19. Nd6 Nc3 20. Bxc3 Qxc3 21. Rfd1 Qa5 22. Rdc1 Qb6 23. Rab1 a6 24. Qc2 Nxe5 25. Nxe5 Qxd6 26. Nf3 Qxa3 27. Rb3 Qd6 28. Qb2 h6 29. Nxd4 Rfd8 30. Nf3 Qf4 31. Ne5 Kh7 32. Nxg6 Kxg6 33. Rd1 Qd4 34. Qd2 Kh7 35. Rb4 Qd5 36. Rf4 f6 37. Qc2 Kg8 38. d4 a5 39. Qg6 Qg5 40. Qe4 Re8 41. Rb1 b4 42. Rf3 Qd5 43. Qd3 e5 44. dxe5 Qxd3 45. Rxd3 Rxe5 46. Rd4 Rb5 47. Kg2 b3 48. Ra4 b2 49. Ra2 Rab8 50. Kf3 Kf7 51. Ke3 Ke6 52. f3 Ke5 53. f4+ Kd5 54. Ra3 Rb3+ 55. Rxb3 Rxb3+ 56. Kd2 Rxh3 0-1

[Event "Sparkassen-Open J"]
[Site "Heusenstamm, Martinsee"]
[Date "2023.11.25"]
[Round "4.3"]
[White "Riazi, Dominik"]
[Black "Nguyen, Minh An"]
[Result "1/2-1/2"]
[WhiteElo "997"]
[BlackElo "1411"]
[PlyCount "63"]
[EventDate "2023.??.??"]
[WhiteTeam "SK Bad Homburg 1927"]
[BlackTeam "SV 1920 Hofheim"]

1. e4 d6 2. d4 Nf6 3. Nc3 g6 4. Bf4 Bg7 5. Nf3 O-O 6. Bc4 c5 7. dxc5 dxc5 8. Qxd8 Rxd8 9. O-O Nc6 10. Rad1 Bg4 11. Be3 Bxf3 12. gxf3 Nd4 13. Bxd4 cxd4 14. Nd5 Nxd5 15. Bxd5 Rac8 16. c4 dxc3 17. bxc3 Rxc3 18. Bxf7+ Kxf7 19. Rxd8 Rxf3 20. Rb1 Ra3 21. Rxb7 Rxa2 22. Rdd7 Bf8 23. Rxa7 Re2 24. f3 Rc2 25. Rac7 Re2 26. Ra7 Rb2 27. Rab7 Re2 28. Rb1 Bh6 29. Rbb7 Bf8 30. Ra7 Rb2 31. Rab7 Re2 32. Ra7 1/2-1/2

[Event "Sparkassen-Open J"]
[Site "Heusenstamm, Martinsee"]
[Date "2023.11.25"]
[Round "4.4"]
[White "Will, Elina"]
[Black "Gao, Chenzhuo (Jonathan)"]
[Result "0-1"]
[WhiteElo "1325"]
[BlackElo "1301"]
[PlyCount "80"]
[EventDate "2023.??.??"]
[WhiteTeam "TuS Makkabi Wiesbaden"]
[BlackTeam "SC Rotenburg"]

1. e4 b6 2. d4 e6 3. c4 Bb7 4. Nc3 d6 5. Bf4 Ne7 6. Nf3 Nd7 7. Be2 g6 8. O-O Bg7 9. Qd2 h6 10. h3 a6 11. Rfe1 g5 12. Be3 c5 13. Rad1 O-O 14. h4 g4 15. Nh2 h5 16. dxc5 Nxc5 17. Bh6 Ng6 18. Bxg7 Kxg7 19. g3 e5 20. Qxd6 Nxe4 21. Nxe4 Bxe4 22. f3 gxf3 23. Bxf3 Bxf3 24. Nxf3 f6 25. Rd2 Qxd6 26. Rxd6 Rab8 27. Red1 Rf7 28. b3 Re7 29. Rc6 e4 30. Nd4 Kf7 31. Nf5 Re5 32. Ne3 Ne7 33. Rd7 Kg6 34. Rcc7 Nf5 35. Nxf5 Kxf5 36. Kf2 Kg4 37. Rg7+ Kh3 38. Rcf7 Rd8 39. Rxf6 e3+ 40. Ke1 e2 0-1

[Event "Sparkassen-Open J"]
[Site "Heusenstamm, Martinsee"]
[Date "2023.11.25"]
[Round "4.6"]
[White "Shanawaz Thabrez, Shahzaib"]
[Black "Filis, Leon"]
[Result "1-0"]
[WhiteElo "1463"]
[BlackElo "1205"]
[PlyCount "41"]
[EventDate "2023.??.??"]
[WhiteTeam "SK Langen"]
[BlackTeam "SV 1920 Hofheim"]

1. e4 d5 2. exd5 Nf6 3. Nf3 Qxd5 4. Nc3 Qh5 5. Be2 Bd7 6. d4 e6 7. Ne5 Qh4 8. g3 Qh3 9. Bf1 Qh5 10. Be2 Qh3 11. Be3 Be7 12. Qd2 Nc6 13. Nxd7 Nxd7 14. O-O-O O-O-O 15. Bf3 e5 16. Bxc6 bxc6 17. Qe2 Qf5 18. dxe5 Qxe5 19. Qa6+ Kb8 20. Qxa7+ Kc8 21. Bf4 1-0

[Event "Sparkassen-Open J"]
[Site "Heusenstamm, Martinsee"]
[Date "2023.11.25"]
[Round "4.7"]
[White "Biallas, Flynn"]
[Black "Wolf, Noah"]
[Result "0-1"]
[WhiteElo "988"]
[BlackElo "1567"]
[PlyCount "48"]
[EventDate "2023.??.??"]
[WhiteTeam "SK Marburg 1931/72"]
[BlackTeam "Vorw.Orient Mainz"]

1. e4 c5 2. Nf3 Nc6 3. d4 cxd4 4. Nxd4 g6 5. Be3 Bg7 6. Nc3 Nf6 7. Qd2 Ng4 8. Nxc6 bxc6 9. Bg5 O-O 10. h3 Nf6 11. Bh6 Qb6 12. Bxg7 Kxg7 13. b3 Qa5 14. Bc4 d5 15. exd5 cxd5 16. Bb5 d4 17. Qxd4 Rd8 18. Qc4 Be6 19. b4 Qa3 20. Nb1 Qc1+ 21. Ke2 Bxc4+ 22. Kf3 Qxh1 23. Bxc4 Qd1+ 24. Be2 Qd5+ 0-1

[Event "Sparkassen-Open J"]
[Site "Heusenstamm, Martinsee"]
[Date "2023.11.25"]
[Round "4.8"]
[White "Beier, Martin"]
[Black "Vasudevan, Ananya"]
[Result "1/2-1/2"]
[WhiteElo "1321"]
[BlackElo "1126"]
[PlyCount "194"]
[EventDate "2023.??.??"]
[WhiteTeam "SK Bad Homburg 1927"]
[BlackTeam "SK Langen"]

1. e4 g6 2. d4 Bg7 3. Nf3 c5 4. c3 cxd4 5. cxd4 d6 6. Nc3 Bg4 7. Bb5+ Nd7 8. Be3 Ngf6 9. h3 Bxf3 10. Qxf3 O-O 11. O-O Nb6 12. Rad1 d5 13. e5 Ne8 14. Ba4 Nc4 15. Qxd5 Nxb2 16. Qxd8 Rxd8 17. Rb1 Nxa4 18. Nxa4 b6 19. Nc3 Nc7 20. f4 Nd5 21. Nxd5 Rxd5 22. Rbc1 Ra5 23. Rf2 Rb8 24. Rc7 e6 25. Rfc2 Ra3 26. Bc1 Ra4 27. f5 Rxd4 28. f6 Bf8 29. Rxa7 Re4 30. Bb2 Bc5+ 31. Kh2 Bd4 32. Bxd4 Rxd4 33. Rac7 h6 34. Rc8+ Rxc8 35. Rxc8+ Kh7 36. Rb8 Ra4 37. Rxb6 Rxa2 38. Rb7 Kg8 39. Kg3 Ra5 40. Rb8+ Kh7 41. Rf8 Ra7 42. Kf4 g5+ 43. Kg4 Ra4+ 44. Kf3 Ra3+ 45. Ke4 Ra4+ 46. Kd3 Ra3+ 47. Kc4 Ra7 48. Re8 Kg6 49. Rg8+ Kf5 50. Re8 Kxe5 51. Re7 Ra4+ 52. Kb5 Rf4 53. Rxf7 Rxf6 54. Rh7 Kf4 55. Kc6 e5+ 56. Kd5 Kg3 57. Kxe5 Ra6 58. Rd7 Ra5+ 59. Kf6 Ra6+ 60. Kf5 Kxg2 61. Rd3 Ra4 62. Rb3 Rh4 63. Ra3 Rxh3 64. Ra2+ Kg3 65. Ra3+ Kh4 66. Ra4+ Kh5 67. Ra2 g4 68. Ra5 Kh4 69. Kg6 h5 70. Rxh5+ Kg3 71. Ra5 Rh2 72. Kg5 Rf2 73. Ra4 Kf3 74. Rf4+ Kg3 75. Rxg4+ Kf3 76. Ra4 Re2 77. Ra3+ Re3 78. Ra8 Re5+ 79. Kf6 Kf4 80. Rh8 Rg5 81. Ra8 Re5 82. Ra4+ Re4 83. Ra5 Ke3 84. Kf5 Rf4+ 85. Kg5 Rd4 86. Ra1 Rd5+ 87. Kf6 Rd6+ 88. Ke7 Rd2 89. Ra4 Rd4 90. Ra3+ Rd3 91. Ra5 Rd4 92. Ke6 Re4+ 93. Kf5 Rh4 94. Ra3+ Kd2 95. Ke5 Rc4 96. Kd5 Rc3 97. Rxc3 Kxc3 1/2-1/2

[Event "Sparkassen-Open J"]
[Site "Heusenstamm, Martinsee"]
[Date "2023.11.25"]
[Round "4.9"]
[White "Shanmuganathan, Adhav"]
[Black "Zhang, Hengrui"]
[Result "1-0"]
[WhiteElo "1141"]
[BlackElo "1113"]
[PlyCount "91"]
[EventDate "2023.??.??"]
[WhiteTeam "SV 1934 Ffm-Griesheim"]
[BlackTeam "Sfr.Mainz 1928"]

1. e4 e6 2. d4 d5 3. exd5 exd5 4. Bd3 Bd6 5. c3 c6 6. Ne2 Ne7 7. O-O O-O 8. Be3 b6 9. Nd2 c5 10. dxc5 bxc5 11. Qc2 Ng6 12. Rfe1 c4 13. Nxc4 dxc4 14. Be4 Nc6 15. Bxc6 Rb8 16. Bxa7 Qc7 17. Bxb8 Qxb8 18. Bd5 Ba6 19. Ng3 Nf4 20. Be4 Nd3 21. Red1 Bc5 22. Bxd3 cxd3 23. Qb3 Qd6 24. Ne4 Qe5 25. Nxc5 Qxc5 26. Rac1 Rc8 27. Qb4 Qc7 28. c4 Rd8 29. Qa3 Qd7 30. Qxa6 d2 31. Rc2 Qe8 32. c5 Qe1+ 33. Qf1 Qxf1+ 34. Kxf1 Kf8 35. Rcxd2 Rc8 36. Rd8+ Rxd8 37. Rxd8+ Ke7 38. Rd1 f5 39. c6 g5 40. c7 f4 41. c8=Q h5 42. Rd7+ Ke6 43. Qe8+ Kf6 44. Rf7+ Kg6 45. Qg8+ Kh6 46. Rh7# 1-0

[Event "Sparkassen-Open J"]
[Site "Heusenstamm, Martinsee"]
[Date "2023.11.25"]
[Round "4.10"]
[White "Noll, Raphael"]
[Black "Kovacs, Adam"]
[Result "1/2-1/2"]
[WhiteElo "1387"]
[BlackElo "1068"]
[PlyCount "50"]
[EventDate "2023.??.??"]
[WhiteTeam "SK Marburg 1931/72"]
[BlackTeam "SK Gründau"]

1. e4 e6 2. d4 d5 3. e5 c5 4. Bb5+ Bd7 5. Bxd7+ Qxd7 6. f4 Nh6 7. Nf3 Nc6 8. b3 b5 9. c3 c4 10. b4 a5 11. bxa5 Rxa5 12. Be3 b4 13. O-O bxc3 14. Nxc3 Bb4 15. Qc1 Qa7 16. a3 Rxa3 17. Rxa3 Qxa3 18. Qxa3 Bxa3 19. Ra1 Be7 20. Ra8+ Bd8 21. Nb5 O-O 22. Nd6 Bc7 23. Ra6 Nb4 24. Ra7 Bd8 25. Bd2 Nc6 1/2-1/2

[Event "Sparkassen-Open J"]
[Site "Heusenstamm, Martinsee"]
[Date "2023.11.25"]
[Round "4.11"]
[White "Lukas, Olivia"]
[Black "Luan, Elena"]
[Result "1-0"]
[WhiteElo "1240"]
[BlackElo "1026"]
[PlyCount "99"]
[EventDate "2023.??.??"]
[WhiteTeam "SF Deizisau"]
[BlackTeam "SV Oberursel"]

1. e4 e5 2. Nf3 Nc6 3. Bc4 Bc5 4. c3 Nf6 5. d3 d6 6. O-O O-O 7. Nbd2 Bg4 8. Re1 d5 9. exd5 Nxd5 10. h3 Bh5 11. Nf1 Re8 12. Ng3 Bxf3 13. Qxf3 Nf6 14. Ne4 Be7 15. Bg5 Nd5 16. Bxe7 Ncxe7 17. Ng3 Qd6 18. Re2 Rad8 19. Rae1 Ng6 20. Ne4 Qb6 21. Ng5 Ngf4 22. Rxe5 Rxe5 23. Rxe5 c6 24. g3 f6 25. Re7 fxg5 26. gxf4 Kh8 27. Bxd5 cxd5 28. Qxd5 gxf4 29. Qf7 Qg6+ 30. Qxg6 hxg6 31. d4 Rb8 32. Kg2 Kh7 33. Kf3 g5 34. Kg4 Kh6 35. f3 g6 36. b3 Rd8 37. h4 gxh4 38. Kxh4 Rc8 39. c4 g5+ 40. Kg4 Rb8 41. d5 Kg6 42. Re6+ Kf7 43. Kf5 Rg8 44. c5 g4 45. Kxf4 g3 46. Re1 g2 47. Rg1 Ke7 48. Ke3 Kf6 49. f4 Kf5 50. Kf3 1-0

[Event "Sparkassen-Open J"]
[Site "Heusenstamm, Martinsee"]
[Date "2023.11.25"]
[Round "4.12"]
[White "Li, Xiao Teng"]
[Black "Vasudevan, Krish"]
[Result "0-1"]
[WhiteElo "1247"]
[BlackElo "1055"]
[PlyCount "90"]
[EventDate "2023.??.??"]
[WhiteTeam "SK Bad Homburg 1927"]
[BlackTeam "SAbt TuS Makkabi Ffm"]

1. c4 g6 2. d4 Bg7 3. g3 e6 4. Bg2 Ne7 5. e3 Nbc6 6. Ne2 b6 7. Nbc3 Bb7 8. O-O O-O 9. d5 Rb8 10. dxc6 Nxc6 11. Nd4 Na5 12. b3 Bxg2 13. Kxg2 c5 14. Nf3 Bxc3 15. Rb1 Bg7 16. e4 Nc6 17. Bf4 e5 18. Be3 Nb4 19. a3 Nc6 20. Qd2 Qe7 21. Rfd1 Rb7 22. Bh6 Nd4 23. Nxd4 cxd4 24. a4 a5 25. Rh1 Qd6 26. Be3 Qc6 27. Bh6 Qxe4+ 28. f3 Qc6 29. Bxg7 Kxg7 30. Rhe1 f6 31. Qe2 d5 32. Rbc1 dxc4 33. Rxc4 Qd5 34. Qd3 b5 35. axb5 Rxb5 36. Rc7+ Rf7 37. Rxf7+ Kxf7 38. Qc2 Qb7 39. Qc4+ Kg7 40. Qa4 Rxb3 41. Qxa5 Qxf3+ 42. Kh3 Qf5+ 43. Kg2 Rb2+ 44. Kh1 Qf3+ 45. Kg1 Qg2# 0-1

[Event "Sparkassen-Open J"]
[Site "Heusenstamm, Martinsee"]
[Date "2023.11.25"]
[Round "4.13"]
[White "Kanagaraj, Aarav"]
[Black "Kim, David"]
[Result "0-1"]
[WhiteElo "966"]
[BlackElo "1240"]
[PlyCount "144"]
[EventDate "2023.??.??"]
[WhiteTeam "TSV Schott Mainz"]
[BlackTeam "SV 1920 Hofheim"]

1. Nf3 d5 2. g3 Nf6 3. Bg2 Nc6 4. O-O e5 5. d3 Bc5 6. Nbd2 h6 7. e4 dxe4 8. dxe4 Bg4 9. h3 Bh5 10. Qe1 O-O 11. c3 Bg6 12. Nh4 Bh7 13. Kh2 Qd7 14. f4 Rfe8 15. f5 Rad8 16. Nb3 Bb6 17. Be3 Bxe3 18. Qxe3 Qd3 19. Rf3 Qxe3 20. Rxe3 b6 21. g4 a5 22. a4 Kf8 23. Ree1 Rd6 24. Rad1 Red8 25. Bf3 Ne7 26. Rxd6 Rxd6 27. Rd1 Rxd1 28. Bxd1 Nxe4 29. Nf3 f6 30. Bc2 Nd6 31. Kg3 g6 32. fxg6 Bxg6 33. Bxg6 Nxg6 34. Nbd2 e4 35. Nd4 e3 36. Nf1 Ne4+ 37. Kf3 Nd2+ 38. Nxd2 exd2 39. Ke2 c5 40. Nf5 Nf4+ 41. Kxd2 Nxh3 42. Nxh6 Nf2 43. Ke3 Nd1+ 44. Kd3 Nxb2+ 45. Kc2 Nxa4 46. Kb3 b5 47. c4 Kg7 48. cxb5 Nb6 49. Nf5+ Kg6 50. Ne7+ Kg5 51. Ng8 Kxg4 52. Nxf6+ Kf4 53. Ne8 Ke3 54. Nd6 Kd3 55. Nb7 c4+ 56. Kb2 a4 57. Ka3 c3 58. Nc5+ Kd2 59. Ne4+ Kd3 60. Nxc3 Kxc3 61. Ka2 Kb4 62. Kb2 Nc4+ 63. Ka2 Kxb5 64. Ka1 Na5 65. Ka2 Kb4 66. Kb2 a3+ 67. Ka2 Nc4 68. Ka1 Ne3 69. Ka2 Ka4 70. Ka1 Kb3 71. Kb1 a2+ 72. Ka1 Nc2# 0-1

[Event "Sparkassen-Open J"]
[Site "Heusenstamm, Martinsee"]
[Date "2023.11.25"]
[Round "4.15"]
[White "Schmidt, Merle Laureen"]
[Black "Sautner, Sascha"]
[Result "0-1"]
[WhiteElo "936"]
[BlackElo "1219"]
[PlyCount "104"]
[EventDate "2023.??.??"]
[WhiteTeam "Sport Union Annen e. V."]
[BlackTeam "SK 1912 Ludwigshafen"]

1. e4 c6 2. d4 d5 3. e5 c5 4. c3 Nc6 5. Bb5 e6 6. Be3 cxd4 7. cxd4 Bb4+ 8. Nc3 Bd7 9. a3 Bxc3+ 10. bxc3 Nxe5 11. Bxd7+ Nxd7 12. Nf3 Ngf6 13. O-O O-O 14. Bg5 Qa5 15. Qb3 b6 16. Ne5 Rac8 17. Rfc1 Nxe5 18. dxe5 Nd7 19. Be7 Rfe8 20. Bd6 Nc5 21. Qb4 Nb7 22. Rab1 Rc4 23. Qxa5 Nxa5 24. h3 Rec8 25. Bb4 Nc6 26. Rb3 Nxe5 27. Kf1 Nd3 28. Rc2 Nxb4 29. axb4 d4 30. Ra3 R8c7 31. Ke1 Rxc3 32. Rcxc3 dxc3 33. Kd1 c2+ 34. Kc1 Kf8 35. Ra2 Ke7 36. Rxc2 Rxc2+ 37. Kxc2 Kd6 38. Kc3 Kd5 39. Kd3 a5 40. Kc3 a4 41. Kb2 b5 42. Ka3 Ke4 43. h4 Kd3 44. h5 Ke2 45. f4 h6 46. g4 Kf3 47. f5 exf5 48. gxf5 Kf4 49. f6 gxf6 50. Ka2 Kg5 51. Ka3 f5 52. Ka2 f4 0-1

[Event "Sparkassen-Open J"]
[Site "Heusenstamm, Martinsee"]
[Date "2023.11.25"]
[Round "4.16"]
[White "Milman, Sophie"]
[Black "Zhang, Mairui"]
[Result "1-0"]
[WhiteElo "1184"]
[BlackElo "898"]
[PlyCount "69"]
[EventDate "2023.??.??"]
[WhiteTeam "VSG 1880 Offenbach"]
[BlackTeam "Sfr.Mainz 1928"]

1. e4 e6 2. d4 d5 3. Nc3 c5 4. Be3 b6 5. Nf3 Nc6 6. Bb5 Bd7 7. exd5 exd5 8. Nxd5 cxd4 9. Nxd4 Bb4+ 10. Nxb4 Nxb4 11. Bxd7+ Qxd7 12. a3 Nd5 13. O-O Nxe3 14. Re1 Ne7 15. Rxe3 O-O 16. Nf3 Nd5 17. Rd3 Rad8 18. c4 Nc3 19. Rxd7 Nxd1 20. Raxd1 Rxd7 21. Rxd7 Rc8 22. Kf1 h6 23. b3 a5 24. Rd6 Rb8 25. Ke2 b5 26. c5 b4 27. a4 Re8+ 28. Kd3 Kh7 29. c6 g5 30. h3 h5 31. c7 g4 32. hxg4 hxg4 33. Rd8 gxf3 34. Rxe8 fxg2 35. Re1 1-0

[Event "Sparkassen-Open J"]
[Site "Heusenstamm, Martinsee"]
[Date "2023.11.25"]
[Round "4.17"]
[White "Ninnemann, Patrick"]
[Black "Kesavan, Sarvesh"]
[Result "0-1"]
[WhiteElo "1021"]
[BlackElo "1482"]
[PlyCount "60"]
[EventDate "2023.??.??"]
[WhiteTeam "Chess Tigers Schach-Förderverein"]
[BlackTeam "SK Bad Homburg 1927"]

1. e4 e5 2. Nf3 Nc6 3. Bc4 Bc5 4. c3 d6 5. h3 Nf6 6. d3 Be6 7. Bb3 h6 8. Nbd2 O-O 9. Nf1 Ne7 10. Ng3 Ng6 11. O-O a6 12. Be3 Ba7 13. d4 exd4 14. cxd4 Re8 15. Bc2 c6 16. Qd2 Bb6 17. a3 a5 18. Rad1 Bc7 19. Qc1 a4 20. e5 dxe5 21. dxe5 Nd7 22. Bxh6 gxh6 23. Qxh6 Qe7 24. Rxd7 Bxd7 25. Nh5 Bxe5 26. Ng5 Nf8 27. Nh7 Nxh7 28. Qxh7+ Kf8 29. Re1 Bh2+ 30. Kf1 Qxe1# 0-1